000 00766nam a22001817a 4500
003 UA-OsUOA
001 17332
007 ta
008 20040222b un ||||| |||| 00| 0 ukr d
100 _aТубіна С.
942 _cSA
040 _aUA-OsUOA
_cUA-OsUOA
_dUA-OsUOA
245 _aЯк загубилося село Придорожне [Дубен. р-ну]
_bДві з половиною сотні його мешканців кажуть, що воно існує . Проте офіційні документи свідчать протилежне
300 _aС.1
955 _a0
773 0 _w0
_tВісті Рівненщини
_dРівне
_d2004
_g№16/18 лют./
650 7 _aАдміністративно-теріторіальний поділ
_2UDC
999 _c303500
_d303500